[Event "CZE-chT2C 2223"]
[Site "Czech Republic"]
[Date "2023.01.08"]
[Round "6.1"]
[White "Cernik, Lukas"]
[Black "Kucera, Petr3333"]
[Result "0-1"]
[WhiteElo "2152"]
[BlackElo "2263"]
[PlyCount "124"]
[EventDate "2022.10.16"]
[EventType "team-tourn"]
[EventRounds "11"]
[EventCountry "CZE"]
[SourceTitle "EXT 2024"]
[Source "ChessBase"]
[SourceDate "2023.10.10"]
[SourceVersion "1"]
[SourceVersionDate "2023.10.10"]
[SourceQuality "1"]
[WhiteTeam "Neratovice II"]
[BlackTeam "Turnov Zikuda II"]
[WhiteTeamCountry "CZE"]
[BlackTeamCountry "CZE"]

1. Nf3 d5 2. d4 Nf6 3. g3 e6 4. Bg2 Be7 5. 0-0 0-0 6. c4 c6 7. b3 Nbd7 8. Bb2 b6 9. Qc2 a5 10. Nbd2 Bb7 11. e4 a4 12. Ne5 Ra7 13. Rac1 Qa8 14. Rfe1 Bb4 15. f3 Nxe5 16. dxe5 Nd7 17. Kh1 Nc5 18. Re3 axb3 19. axb3 Ra2 20. exd5 cxd5 21. cxd5 Bxd5 22. Nc4 Bxc4 23. bxc4 Rd8 24. f4 Qa4 25. Qf2 Nd3 26. Rxd3 Rxd3 27. Qxb6 Rd1+ 28. Bf1 Qa8+ 29. Kg1 Rxc1 30. Bxc1 Bd2 31. Bxd2 Rxd2 32. c5 Rc2 33. f5 Qc8 34. fxe6 fxe6 35. Bh3 Qxc5+ 36. Qxc5 Rxc5 37. Bxe6+ Kf8 38. Bf5 h6 39. Kf2 Rxe5 40. Bd3 Ke7 41. Kf3 Kf6 42. h4 Ra5 43. Kf4 Ra4+ 44. Be4 Rb4 45. Kf3 Ke5 46. Bc6 Rb3+ 47. Kg4 Kd4 48. Be8 Ke4 49. Bd7 Ra3 50. Bc8 Ra5 51. Bb7+ Ke3 52. Bc6 Kf2 53. Kf4 Ra6 54. Be4 Rf6+ 55. Kg4 Re6 56. Bd5 Rg6+ 57. Kh5 Rxg3 58. Bg2 Ke3 59. Be4 Kf4 60. Bh7 Rg4 61. Bb1 Kg3 62. Bg6 Rxh4# 0-1

[Event "CZE-chT2B 1415"]
[Site "Czech Republic"]
[Date "2014.11.30"]
[Round "3.5"]
[White "Cernik, Lukas"]
[Black "Hulin, Petr"]
[Result "1/2-1/2"]
[WhiteElo "2159"]
[BlackElo "2043"]
[PlyCount "105"]
[EventDate "2014.11.02"]
[EventType "team-tourn"]
[EventRounds "11"]
[EventCountry "CZE"]
[SourceTitle "EXT 2022"]
[Source "ChessBase"]
[SourceDate "2021.10.06"]
[SourceVersion "1"]
[SourceVersionDate "2021.10.06"]
[SourceQuality "1"]
[WhiteTeam "Neratovice"]
[BlackTeam "Bakov nad Jizerou"]
[WhiteTeamCountry "CZE"]
[BlackTeamCountry "CZE"]

1. Nf3 Nf6 2. g3 b6 3. Bg2 Bb7 4. 0-0 e6 5. d4 c5 6. c3 Be7 7. Re1 0-0 8. Nbd2 d5 9. Qc2 Nc6 10. Nb3 cxd4 11. Nbxd4 Nxd4 12. Nxd4 Rc8 13. Bg5 h6 14. Bxf6 Bxf6 15. Rad1 Qc7 16. e3 Rfd8 17. Qe2 a6 18. a3 Rd6 19. Rd2 Rcd8 20. Red1 g6 21. h4 e5 22. Nc2 Bc6 23. Nb4 Bb5 24. Qg4 Bd7 25. Qf3 Ba4 26. Nxd5 Bxd1 27. Qxd1 Rxd5 28. Rxd5 Rxd5 29. Bxd5 Kg7 30. Qd3 a5 31. Kg2 Be7 32. Qc4 Qxc4 33. Bxc4 f5 34. Kf3 e4+ 35. Ke2 Kf6 36. Kd2 g5 37. hxg5+ hxg5 38. b4 f4 39. gxf4 gxf4 40. exf4 Kf5 41. Ke3 Bf6 42. Bd5 Bxc3 43. Bxe4+ Kf6 44. b5 Bb2 45. a4 Ba3 46. Bd5 Bc5+ 47. Kf3 Bd4 48. Bb3 Bc5 49. Bc2 Bd4 50. Ke4 Bxf2 51. Kd5 Bg1 52. Kc6 Bf2 53. Be4 1/2-1/2

[Event "CZE-chT2B 1213"]
[Site "Czech Republic"]
[Date "2013.02.17"]
[Round "9.4"]
[White "Palas, Ales"]
[Black "Cernik, Lukas"]
[Result "0-1"]
[WhiteElo "2020"]
[BlackElo "2204"]
[PlyCount "66"]
[EventDate "2012.10.14"]
[EventType "team-tourn"]
[EventRounds "11"]
[EventCountry "CZE"]
[SourceTitle "EXT 2015"]
[Source "ChessBase"]
[SourceDate "2014.11.20"]
[SourceVersion "1"]
[SourceVersionDate "2014.11.20"]
[SourceQuality "1"]
[WhiteTeam "Kralupy nad Vltavou"]
[BlackTeam "Neratovice"]
[WhiteTeamCountry "CZE"]
[BlackTeamCountry "CZE"]

1. e4 e6 2. d4 c5 3. d5 d6 4. c4 Nf6 5. Nc3 g6 6. Be2 exd5 7. exd5 Bg7 8. Nf3 0-0 9. 0-0 Na6 10. Bf4 Nc7 11. Qd2 Re8 12. Rfe1 Rb8 13. Bd3 a6 14. a4 Rxe1+ 15. Rxe1 b5 16. axb5 axb5 17. cxb5 Nfxd5 18. Nxd5 Nxd5 19. Bg5 Nf6 20. Qf4 Be6 21. Qh4 Bd7 22. Nd2 d5 23. Re3 Bxb5 24. Bxb5 Rxb5 25. Rh3 Rxb2 26. Nf1 h5 27. Rf3 Rb6 28. g4 hxg4 29. Rg3 Rb4 30. Ne3 Qd6 31. Bh6 Qe6 32. Bxg7 Kxg7 33. Nf1 Rb1 0-1

[Event "Nachod op"]
[Site "Nachod"]
[Date "2012.07.06"]
[Round "7"]
[White "Furman, Boris"]
[Black "Cernik, Lukas"]
[Result "0-1"]
[WhiteElo "2285"]
[BlackElo "2194"]
[PlyCount "106"]
[EventDate "2012.06.30"]
[EventType "swiss"]
[EventRounds "9"]
[EventCountry "CZE"]
[SourceTitle "CBM 149 Extra"]
[Source "ChessBase"]
[SourceDate "2012.08.24"]
[SourceVersion "1"]
[SourceVersionDate "2012.08.24"]
[SourceQuality "1"]

1. d4 g6 2. c4 Bg7 3. Nc3 d6 4. Nf3 e5 5. Bg5 f6 6. Bh4 Nc6 7. e3 Nh6 8. dxe5 dxe5 9. Qxd8+ Kxd8 10. 0-0-0+ Bd7 11. Ne4 g5 12. Nc5 Nb8 13. Nxd7 Nxd7 14. Bg3 Nf5 15. Bd3 Nd6 16. Nd2 f5 17. f3 Ke7 18. Bc2 h5 19. h3 Raf8 20. Rhe1 g4 21. hxg4 hxg4 22. fxg4 fxg4 23. b3 Bh6 24. Re2 Ke6 25. Kb2 Bg5 26. Ne4 Nxe4 27. Bxe4 c6 28. Red2 Nc5 29. Rd6+ Ke7 30. Bc2 e4 31. R6d2 Kf7 32. b4 Nd3+ 33. Bxd3 exd3 34. Rxd3 Re8 35. Rd7+ Kg6 36. R1d3 Rh1 37. Rxb7 Rg1 38. Rd2 Rxe3 39. Bf2 Bf6+ 40. Kc2 Rc3+ 41. Kb2 Rxg2 42. Be1 Rg1 43. Bf2 Rg2 44. Be1 Rxc4+ 45. Kb3 Rc3+ 46. Ka4 Rxd2 47. Bxd2 Rc2 48. Be3 Rxa2+ 49. Kb3 Rb2+ 50. Ka4 g3 51. Bxa7 Ra2+ 52. Kb3 Rxa7 53. Rxa7 g2 0-1

[Event "Nachod op"]
[Site "Nachod"]
[Date "2012.07.01"]
[Round "2"]
[White "Cernik, Lukas"]
[Black "Vagner, Patrik"]
[Result "1-0"]
[WhiteElo "2194"]
[BlackElo "1734"]
[PlyCount "51"]
[EventDate "2012.06.30"]
[EventType "swiss"]
[EventRounds "9"]
[EventCountry "CZE"]
[SourceTitle "CBM 149 Extra"]
[Source "ChessBase"]
[SourceDate "2012.08.24"]
[SourceVersion "1"]
[SourceVersionDate "2012.08.24"]
[SourceQuality "1"]

1. f4 d5 2. Nf3 Nf6 3. e3 Bg4 4. Be2 e6 5. b3 Nbd7 6. Bb2 Be7 7. 0-0 0-0 8. Kh1 c5 9. d3 Rc8 10. Nbd2 Ne8 11. e4 d4 12. c3 dxc3 13. Bxc3 Ndf6 14. Nc4 Nd7 15. Qd2 f5 16. Rad1 Ndf6 17. Qe3 Qc7 18. h3 Bxf3 19. Bxf3 Kh8 20. Rfe1 b5 21. Ba5 Qd7 22. Ne5 Qd4 23. exf5 Qxe3 24. Rxe3 Nd5 25. Bxd5 exd5 26. Nd7 1-0

[Event "CZE-chT2B 1112"]
[Site "Czech Republic"]
[Date "2012.01.22"]
[Round "6.2"]
[White "Kozak, Milos"]
[Black "Cernik, Lukas"]
[Result "1-0"]
[WhiteElo "2191"]
[BlackElo "2199"]
[PlyCount "67"]
[EventDate "2011.10.09"]
[EventType "team-tourn"]
[EventRounds "11"]
[EventCountry "CZE"]
[SourceTitle "EXT 2013"]
[Source "ChessBase"]
[SourceDate "2012.11.22"]
[SourceVersion "1"]
[SourceVersionDate "2012.11.22"]
[SourceQuality "1"]
[WhiteTeam "Most Marty"]
[BlackTeam "Neratovice"]
[WhiteTeamCountry "CZE"]
[BlackTeamCountry "CZE"]

1. d4 Nc6 2. d5 Ne5 3. e4 e6 4. f4 Ng6 5. dxe6 fxe6 6. Nf3 Bc5 7. Nc3 Nf6 8. e5 Ng4 9. Ne4 Qe7 10. g3 Be3 11. Bd3 b6 12. Bxe3 Nxe3 13. Qe2 Nf5 14. 0-0-0 Bb7 15. Kb1 0-0-0 16. Ba6 Qb4 17. Bxb7+ Kxb7 18. Rd3 d5 19. exd6 cxd6 20. Ra3 d5 21. Qa6+ Kc6 22. Rc3+ Kd7 23. Qxa7+ Ke8 24. Neg5 Rd7 25. Rc7 Qd6 26. Rxd7 Qxd7 27. Qxb6 Nd6 28. Re1 Nf8 29. Ne5 Qe7 30. Qb8+ Qd8 31. Qxd8+ Kxd8 32. Nef7+ Ke7 33. Nxh8 h6 34. Ng6+ 1-0

[Event "CZE-chT2B 1112"]
[Site "Czech Republic"]
[Date "2011.11.20"]
[Round "3.2"]
[White "Cernik, Lukas"]
[Black "Tichy, Stepan"]
[Result "1/2-1/2"]
[WhiteElo "2199"]
[BlackElo "2115"]
[PlyCount "86"]
[EventDate "2011.10.09"]
[EventType "team-tourn"]
[EventRounds "11"]
[EventCountry "CZE"]
[SourceTitle "EXT 2013"]
[Source "ChessBase"]
[SourceDate "2012.11.22"]
[SourceVersion "1"]
[SourceVersionDate "2012.11.22"]
[SourceQuality "1"]
[WhiteTeam "Neratovice"]
[BlackTeam "Karlovy Vary"]
[WhiteTeamCountry "CZE"]
[BlackTeamCountry "CZE"]

1. f4 d5 2. Nf3 Nf6 3. e3 Bg4 4. b3 e6 5. Bb2 Nbd7 6. Be2 Bxf3 7. Bxf3 Bd6 8. 0-0 c6 9. c4 Qc7 10. Qc2 0-0 11. d4 Ne8 12. Nc3 f5 13. Rac1 Qd8 14. Qe2 Ndf6 15. Rc2 Qe7 16. Kh1 g6 17. Rg1 h5 18. g3 Rf7 19. a4 Bb4 20. Na2 Ba3 21. Bxa3 Qxa3 22. Rb1 Qe7 23. Nc3 Nd6 24. h3 Rh7 25. Kg2 Kh8 26. c5 Nde4 27. b4 g5 28. Bxe4 Nxe4 29. Nxe4 fxe4 30. Kh2 gxf4 31. gxf4 Rg8 32. Rg1 Rxg1 33. Kxg1 Qh4 34. Kh2 Rg7 35. Qf2 Qxf2+ 36. Rxf2 h4 37. Rg2 Rxg2+ 38. Kxg2 Kg7 39. Kf2 Kf6 40. Ke2 Ke7 41. Kd2 Kd7 42. Kc3 a6 43. b5 a5 1/2-1/2

[Event "CZE-chT2B 1112"]
[Site "Czech Republic"]
[Date "2011.11.06"]
[Round "2.2"]
[White "Wimmer, Miroslav"]
[Black "Cernik, Lukas"]
[Result "1-0"]
[WhiteElo "2116"]
[BlackElo "2199"]
[PlyCount "55"]
[EventDate "2011.10.09"]
[EventType "team-tourn"]
[EventRounds "11"]
[EventCountry "CZE"]
[SourceTitle "EXT 2013"]
[Source "ChessBase"]
[SourceDate "2012.11.22"]
[SourceVersion "1"]
[SourceVersionDate "2012.11.22"]
[SourceQuality "1"]
[WhiteTeam "Sokolov"]
[BlackTeam "Neratovice"]
[WhiteTeamCountry "CZE"]
[BlackTeamCountry "CZE"]

1. c4 b6 2. Nc3 Bb7 3. e4 e6 4. Nf3 d6 5. d4 Nd7 6. Bd3 g6 7. 0-0 Bg7 8. Bg5 Ne7 9. Nb5 Nf6 10. Re1 h6 11. Bd2 a6 12. Nc3 0-0 13. d5 Qd7 14. Qc2 g5 15. Rad1 Ng6 16. Ne2 Ng4 17. Bc3 N4e5 18. Nxe5 Nxe5 19. f4 Nxd3 20. Rxd3 f5 21. fxg5 fxe4 22. Rh3 hxg5 23. Qxe4 Bf6 24. Rh6 e5 25. Rf1 Bh8 26. Qg6+ Qg7 27. Qe6+ Rf7 28. Rg6 1-0

[Event "Nachod op 9th"]
[Site "Nachod"]
[Date "2011.07.07"]
[Round "6.10"]
[White "Ochman, Tomas"]
[Black "Cernik, Lukas"]
[Result "0-1"]
[WhiteElo "1856"]
[BlackElo "2202"]
[PlyCount "44"]
[EventDate "2011.07.02"]
[EventType "swiss"]
[EventRounds "9"]
[EventCountry "CZE"]
[SourceTitle "EXT 2012"]
[Source "ChessBase"]
[SourceDate "2011.11.24"]
[SourceVersion "1"]
[SourceVersionDate "2011.11.24"]
[SourceQuality "1"]

1. e4 d6 2. d4 g6 3. c4 Bg7 4. Nc3 e5 5. d5 f5 6. Bd3 Nf6 7. Bg5 0-0 8. f3 Na6 9. a3 h6 10. Be3 Nc5 11. b4 fxe4 12. bxc5 exd3 13. Ra2 e4 14. fxe4 Nxe4 15. Nxe4 Qe7 16. Qxd3 Bf5 17. cxd6 cxd6 18. Nf3 Bxe4 19. Qe2 Rae8 20. Kf2 Qh4+ 21. Kg1 Bxf3 22. gxf3 Rxe3 0-1

[Event "Nachod op 9th"]
[Site "Nachod"]
[Date "2011.07.02"]
[Round "1.15"]
[White "Cernik, Lukas"]
[Black "Kuru, Martin"]
[Result "1-0"]
[WhiteElo "2202"]
[BlackElo "1866"]
[PlyCount "47"]
[EventDate "2011.07.02"]
[EventType "swiss"]
[EventRounds "9"]
[EventCountry "CZE"]
[SourceTitle "EXT 2012"]
[Source "ChessBase"]
[SourceDate "2011.11.24"]
[SourceVersion "1"]
[SourceVersionDate "2011.11.24"]
[SourceQuality "1"]

1. f4 d5 2. Nf3 c5 3. e3 Nf6 4. b3 Nc6 5. Bb5 e6 6. Bb2 Be7 7. 0-0 0-0 8. Bxc6 bxc6 9. d3 Qb6 10. Nbd2 Ba6 11. Ne5 c4 12. Rf3 cxd3 13. cxd3 c5 14. Rh3 Rac8 15. g4 c4 16. Bd4 Qb7 17. g5 cxd3 18. gxf6 Bxf6 19. Qh5 h6 20. Rg3 Kh7 21. Ndf3 Bxe5 22. Nxe5 f6 23. Qg6+ Kh8 24. Nxd3 1-0

[Event "CZE-chT2C 1011"]
[Site "Czech Republic"]
[Date "2011.02.06"]
[Round "7.2"]
[White "Cernik, Lukas"]
[Black "Braun, Marek"]
[Result "1-0"]
[WhiteElo "2196"]
[BlackElo "2153"]
[PlyCount "161"]
[EventDate "2010.10.17"]
[EventType "team-tourn"]
[EventRounds "11"]
[EventCountry "CZE"]
[SourceTitle "EXT 2012"]
[Source "ChessBase"]
[SourceDate "2011.11.24"]
[SourceVersion "1"]
[SourceVersionDate "2011.11.24"]
[SourceQuality "1"]
[WhiteTeam "Neratovice"]
[BlackTeam "Liberec"]
[WhiteTeamCountry "CZE"]
[BlackTeamCountry "CZE"]

1. g3 e5 2. Bg2 d5 3. c4 dxc4 4. Qa4+ c6 5. Qxc4 Be6 6. Qc2 Bd6 7. Nc3 Nf6 8. Nf3 h6 9. 0-0 0-0 10. b4 Qd7 11. Rb1 Na6 12. a3 Rfe8 13. d3 Bh3 14. Bb2 Bxg2 15. Kxg2 Nc7 16. Rfc1 Ncd5 17. e3 a5 18. Nxd5 cxd5 19. bxa5 Rxa5 20. Qb3 Qe7 21. a4 e4 22. Nd4 exd3 23. Qxd3 Rxa4 24. Nf5 Qe6 25. Bxf6 Qxf6 26. Qxd5 Re5 27. Qxd6 Qxf5 28. Qb8+ Kh7 29. Qxb7 Ra2 30. Rb2 Rxb2 31. Qxb2 Qe4+ 32. Kg1 Rf5 33. Qe2 Ra5 34. Qc2 Qxc2 35. Rxc2 Kg6 36. Kg2 Kf6 37. Rc4 Rb5 38. Kf3 Rb2 39. Rc6+ Ke7 40. g4 Ra2 41. h4 Rb2 42. Ra6 Rc2 43. h5 Rb2 44. Ra5 Rc2 45. Kg3 Re2 46. Re5+ Kf6 47. f4 Re1 48. Kf3 Rg1 49. Ra5 g6 50. Ra6+ Kg7 51. hxg6 fxg6 52. f5 gxf5 53. gxf5 h5 54. Ra2 Kf6 55. e4 Rf1+ 56. Rf2 Rh1 57. Rg2 Rf1+ 58. Rf2 Rg1 59. Rb2 Rf1+ 60. Ke2 Ra1 61. Rb6+ Kf7 62. Kf3 h4 63. Kg4 Rh1 64. Rh6 Re1 65. Kf4 Rh1 66. Ke5 h3 67. Rh7+ Kg8 68. Rh4 h2 69. Kf6 Re1 70. Rxh2 Rxe4 71. Rg2+ Kf8 72. Ra2 Re8 73. Ra7 Rb8 74. Ra6 Rc8 75. Kg6 Rc2 76. Ra8+ Ke7 77. f6+ Ke6 78. Re8+ Kd7 79. f7 Rg2+ 80. Kh5 Rh2+ 81. Kg4 1-0

[Event "CZE-chT2C 1011"]
[Site "Czech Republic"]
[Date "2011.01.23"]
[Round "6.2"]
[White "Neckar, Lubomir"]
[Black "Cernik, Lukas"]
[Result "1-0"]
[WhiteElo "2349"]
[BlackElo "2196"]
[PlyCount "85"]
[EventDate "2010.10.17"]
[EventType "team-tourn"]
[EventRounds "11"]
[EventCountry "CZE"]
[SourceTitle "EXT 2012"]
[Source "ChessBase"]
[SourceDate "2011.11.24"]
[SourceVersion "1"]
[SourceVersionDate "2011.11.24"]
[SourceQuality "1"]
[WhiteTeam "Lysa nad Labem II"]
[BlackTeam "Neratovice"]
[WhiteTeamCountry "CZE"]
[BlackTeamCountry "CZE"]

1. Nf3 a6 2. d4 g6 3. g3 b5 4. Bg2 Bb7 5. 0-0 Bg7 6. c4 bxc4 7. Qa4 Nf6 8. Qxc4 0-0 9. Nc3 d6 10. Re1 Nbd7 11. e4 e6 12. Qe2 h6 13. b3 c5 14. Bb2 cxd4 15. Nxd4 e5 16. Nc2 Nc5 17. Rad1 Qb6 18. Ne3 Rfd8 19. Nc4 Qc7 20. Ba3 Bf8 21. Qe3 Rac8 22. Rd2 Ne6 23. Bh3 Kh7 24. Nd5 Bxd5 25. exd5 Nd4 26. Bxc8 Nxd5 27. Qe4 Nf6 28. Qe3 Nd5 29. Qe4 Nf6 30. Qg2 Qxc8 31. Bb2 Nf5 32. Red1 Qc5 33. Nxe5 dxe5 34. Rxd8 Be7 35. Qf3 e4 36. Qe2 e3 37. fxe3 h5 38. Bxf6 Bxf6 39. R8d5 Qc8 40. e4 Ne7 41. Rd6 Bg5 42. Qf2 f5 43. h4 1-0

[Event "CZE-chT2C 1011"]
[Site "Czech Republic"]
[Date "2010.11.21"]
[Round "3.1"]
[White "Cernik, Lukas"]
[Black "Nun, Jiri"]
[Result "1/2-1/2"]
[WhiteElo "2196"]
[BlackElo "2356"]
[PlyCount "68"]
[EventDate "2010.10.17"]
[EventType "team-tourn"]
[EventRounds "11"]
[EventCountry "CZE"]
[SourceTitle "EXT 2012"]
[Source "ChessBase"]
[SourceDate "2011.11.24"]
[SourceVersion "1"]
[SourceVersionDate "2011.11.24"]
[SourceQuality "1"]
[WhiteTeam "Neratovice"]
[BlackTeam "Hradec Kralove II"]
[WhiteTeamCountry "CZE"]
[BlackTeamCountry "CZE"]

1. g3 g6 2. Bg2 Bg7 3. c4 c6 4. Nc3 d6 5. Nf3 Bg4 6. 0-0 Nf6 7. d4 0-0 8. Qc2 Qc8 9. Rd1 Re8 10. e4 e5 11. dxe5 dxe5 12. Be3 Nbd7 13. b4 Nf8 14. Rd2 Bxf3 15. Bxf3 Ne6 16. Rad1 Bf8 17. c5 Qc7 18. Be2 Rad8 19. f3 Rxd2 20. Rxd2 h5 21. Bc4 Nd4 22. Bxd4 exd4 23. Rxd4 b6 24. Kg2 bxc5 25. bxc5 h4 26. e5 h3+ 27. Kxh3 Rxe5 28. Qxg6+ Bg7 29. Ne4 Nd5 30. Bxd5 cxd5 31. Nf6+ Kf8 32. Nh7+ Kg8 33. Nf6+ Kf8 34. Nh7+ Kg8 1/2-1/2

[Event "CZE-chT2C 1011"]
[Site "Czech Republic"]
[Date "2010.10.17"]
[Round "1.2"]
[White "Novak, Ales"]
[Black "Cernik, Lukas"]
[Result "1/2-1/2"]
[WhiteElo "2088"]
[BlackElo "2196"]
[PlyCount "102"]
[EventDate "2010.10.17"]
[EventType "team-tourn"]
[EventRounds "11"]
[EventCountry "CZE"]
[SourceTitle "EXT 2012"]
[Source "ChessBase"]
[SourceDate "2011.11.24"]
[SourceVersion "1"]
[SourceVersionDate "2011.11.24"]
[SourceQuality "1"]
[WhiteTeam "Pardubice Bohemia"]
[BlackTeam "Neratovice"]
[WhiteTeamCountry "CZE"]
[BlackTeamCountry "CZE"]

1. d4 Nc6 2. g3 e5 3. d5 Nce7 4. c4 d6 5. Nc3 f5 6. Bh3 g6 7. e4 Bg7 8. Nf3 h6 9. Nh4 Nf6 10. exf5 g5 11. Ng2 Nxf5 12. Bxf5 Bxf5 13. Ne3 Bg6 14. h4 Qd7 15. hxg5 hxg5 16. Rxh8+ Bxh8 17. Qa4 Ne4 18. Ned1 Bf6 19. Be3 Ke7 20. Qxd7+ Kxd7 21. Nxe4 Bxe4 22. Kd2 c6 23. Nc3 Bf3 24. Rc1 a5 25. a4 Rh8 26. Kd3 Be7 27. Ne4 Rh2 28. Rf1 Bg2 29. Rc1 Bh3 30. Nc3 Bf5+ 31. Kd2 Bf6 32. Re1 Kc7 33. Rc1 Kd7 34. Re1 Kc7 35. Rc1 Kd7 36. Ke2 Bg4+ 37. Kd3 Bf5+ 38. Kd2 Be7 39. Re1 Bf6 40. Rf1 Bh3 41. Rc1 Bf5 42. Re1 Be7 43. Rc1 Bd8 44. Re1 Bg6 45. Rc1 Be7 46. Re1 Bf7 47. Rc1 Rh8 48. Re1 g4 49. Rc1 Rh5 50. Ke2 Bg6 51. Kd2 Bg5 1/2-1/2

[Event "CZE-chT2B 0910"]
[Site "Czech Republic"]
[Date "2010.02.14"]
[Round "7.1"]
[White "Cernik, Lukas"]
[Black "Vagner, Tomas"]
[Result "1-0"]
[WhiteElo "2229"]
[BlackElo "2288"]
[PlyCount "83"]
[EventDate "2009.10.18"]
[EventType "team-tourn"]
[EventRounds "11"]
[EventCountry "CZE"]
[SourceTitle "EXT 2012"]
[Source "ChessBase"]
[SourceDate "2011.11.24"]
[SourceVersion "1"]
[SourceVersionDate "2011.11.24"]
[SourceQuality "1"]
[WhiteTeam "Neratovice"]
[BlackTeam "Most Marty"]
[WhiteTeamCountry "CZE"]
[BlackTeamCountry "CZE"]

1. f4 d5 2. Nf3 c5 3. g3 Nc6 4. Bg2 g6 5. 0-0 Bg7 6. d3 Nf6 7. Qe1 0-0 8. e4 dxe4 9. dxe4 Nb4 10. Na3 b6 11. c3 Nd3 12. Qe2 Ba6 13. e5 Ne8 14. Ng5 Rb8 15. Be3 c4 16. Rad1 Qc7 17. Bd4 Bh6 18. e6 f6 19. Ne4 Nd6 20. Nxd6 Qxd6 21. f5 Rbc8 22. Be4 g5 23. Nxc4 Nxb2 24. Qxb2 Bxc4 25. Bxf6 Qc5+ 26. Bd4 Qb5 27. Qxb5 Bxb5 28. Rf2 Bg7 29. g4 Rfd8 30. Rfd2 Ba4 31. Re1 Bxd4+ 32. cxd4 Kg7 33. Kf2 Kf6 34. Re3 Rc4 35. d5 Bc6 36. Ke2 Bb7 37. Bf3 Rd6 38. Re4 Rxe4+ 39. Bxe4 Ke5 40. Ke3 Bxd5 41. Bxd5 Rxd5 42. f6 1-0

[Event "CZE-chT2B 0910"]
[Site "Czech Republic"]
[Date "2010.01.31"]
[Round "6.1"]
[White "Kozak, Milos"]
[Black "Cernik, Lukas"]
[Result "0-1"]
[WhiteElo "2243"]
[BlackElo "2229"]
[PlyCount "78"]
[EventDate "2009.10.18"]
[EventType "team-tourn"]
[EventRounds "11"]
[EventCountry "CZE"]
[SourceTitle "EXT 2012"]
[Source "ChessBase"]
[SourceDate "2011.11.24"]
[SourceVersion "1"]
[SourceVersionDate "2011.11.24"]
[SourceQuality "1"]
[WhiteTeam "Usti nad Labem"]
[BlackTeam "Neratovice"]
[WhiteTeamCountry "CZE"]
[BlackTeamCountry "CZE"]

1. d4 g6 2. c4 Bg7 3. Nf3 d6 4. Nc3 Nd7 5. e4 b6 6. Be2 Bb7 7. 0-0 h6 8. Re1 e6 9. Be3 a6 10. Qc2 Ne7 11. Rad1 0-0 12. d5 Qe8 13. dxe6 fxe6 14. Nd4 Qf7 15. Bg4 Nc5 16. b4 e5 17. Nde2 Ne6 18. Nd5 Rac8 19. f3 Kh7 20. Qb3 Nc6 21. c5 dxc5 22. Nxb6 cxb6 23. Bxe6 c4 24. Bxf7 cxb3 25. Bxb3 Nxb4 26. Bxb6 Rf6 27. Ba7 a5 28. Rc1 Ra8 29. Red1 Rxa7 30. Rc7 Na6 31. Re7 Nc5 32. Bd5 Rfa6 33. Bc4 Bc6 34. Rxa7 Rxa7 35. Rd8 Ra8 36. Rd6 Rc8 37. Nc3 h5 38. Bf7 Bf8 39. Rxg6 Rc7 0-1

[Event "CZE-chT2B 0910"]
[Site "Czech Republic"]
[Date "2010.01.17"]
[Round "5.1"]
[White "Konopka, Michal"]
[Black "Cernik, Lukas"]
[Result "1-0"]
[WhiteElo "2448"]
[BlackElo "2229"]
[PlyCount "61"]
[EventDate "2009.10.18"]
[EventType "team-tourn"]
[EventRounds "11"]
[EventCountry "CZE"]
[SourceTitle "EXT 2012"]
[Source "ChessBase"]
[SourceDate "2011.11.24"]
[SourceVersion "1"]
[SourceVersionDate "2011.11.24"]
[SourceQuality "1"]
[WhiteTeam "Decin"]
[BlackTeam "Neratovice"]
[WhiteTeamCountry "CZE"]
[BlackTeamCountry "CZE"]

1. Nf3 g6 2. d4 Bg7 3. g3 d6 4. Bg2 f5 5. 0-0 Nf6 6. b3 0-0 7. Bb2 Qe8 8. Nbd2 Nc6 9. Nc4 h6 10. Ne1 Ne4 11. e3 Kh7 12. Nd3 e5 13. f3 Ng5 14. dxe5 dxe5 15. f4 exf4 16. Bxg7 fxe3 17. Bxf8 e2 18. Qd2 exf1Q+ 19. Rxf1 Qxf8 20. Re1 Be6 21. h4 Bxc4 22. bxc4 Nf7 23. Qf4 Nd6 24. c5 Ne8 25. Bxc6 bxc6 26. Re6 Rc8 27. Qe5 Ng7 28. Re7 g5 29. Rxg7+ Qxg7 30. Qxf5+ Qg6 31. Qxc8 1-0

[Event "Tabor op"]
[Site "Tabor"]
[Date "2008.07.29"]
[Round "4"]
[White "Cernik, Lukas"]
[Black "Pravdik, Kamil"]
[Result "1-0"]
[WhiteElo "2194"]
[BlackElo "2024"]
[PlyCount "37"]
[EventDate "2008.07.26"]
[EventType "swiss"]
[EventRounds "9"]
[EventCountry "CZE"]
[SourceTitle "CBM 125 Extra"]
[Source "ChessBase"]
[SourceDate "2008.09.01"]
[SourceVersion "1"]
[SourceVersionDate "2008.09.01"]
[SourceQuality "1"]

1. f4 Nf6 2. Nf3 g6 3. b3 Bg7 4. Bb2 0-0 5. e3 d6 6. Be2 Nbd7 7. 0-0 e5 8. fxe5 Ng4 9. Nc3 dxe5 10. Ne4 Qe7 11. Nfg5 Nh6 12. Qe1 f5 13. Qh4 fxe4 14. Bc4+ Kh8 15. Rf7 Qe8 16. Rxg7 Kxg7 17. Ne6+ Kh8 18. Qxh6 Qe7 19. Nxf8 1-0